| 000 | 00837nas a2200265 4500 | ||
|---|---|---|---|
| 001 | BR9704408 | ||
| 003 | BR-BrBNA | ||
| 005 | 20231205100518.0 | ||
| 007 | ta | ||
| 008 | 230509b bl.|||p| |||| 00| 00por d | ||
| 040 |
_aBR-BrBNA _bpor _cBiblioteca Nacional de Agricultura |
||
| 041 | _a(Pt) | ||
| 072 | _aF60 | ||
| 100 | 1 | _aMello, M.C. de | |
| 100 | 1 | _aLemos, J.L.S. | |
| 100 | 1 | _aCabral, C.L. | |
| 245 | 1 | _aO efeito do descascamento e do choque termico sobre a composicao do extrato hidrossoluvel e do residuo insoluvel de soja | |
| 650 | _aSoja | ||
| 650 | _aDescascamento | ||
| 650 | _aResiduo | ||
| 650 | _aComposicao Quimica | ||
| 773 | 0 |
_tCiencia e Tecnologia de Alimentos (Brazil) _xISSN 0101-2061 _g(Oct-Dec 1996), v. 16(3) p. 191-195 _wBR9704408 |
|
| 909 |
_a202311 _bLúcia _c55 _dLúcia Elande |
||
| 942 |
_2AGRIS _n0 _cANA |
||
| 999 |
_c156420 _d156420 |
||